Corrosion engineering (Record no. 28898)

000 -LEADER
fixed length control field 00595nam a22002297a 4500
001 - CONTROL NUMBER
control field 28898
003 - CONTROL NUMBER IDENTIFIER
control field BD-DhUET
008 - FIXED-LENGTH DATA ELEMENTS--GENERAL INFORMATION
fixed length control field 150614b xxu||||| |||| 00| 0 eng d
020 ## - INTERNATIONAL STANDARD BOOK NUMBER
International Standard Book Number 9789848725085
020 ## - INTERNATIONAL STANDARD BOOK NUMBER
International Standard Book Number 09848725083
040 ## - CATALOGING SOURCE
Transcribing agency 0
Modifying agency BD-DhUET
082 ## - DEWEY DECIMAL CLASSIFICATION NUMBER
Classification number 620.1122
Item number NOO/2010
100 ## - MAIN ENTRY--PERSONAL NAME
Personal name Nooruddin Ahmed
245 ## - TITLE STATEMENT
Title Corrosion engineering
Remainder of title an introductory text
250 ## - EDITION STATEMENT
Edition statement 2nd ed.
260 ## - PUBLICATION, DISTRIBUTION, ETC. (IMPRINT)
Place of publication, distribution, etc. Dhaka
Name of publisher, distributor, etc. Calico Printers
Date of publication, distribution, etc. 2010
300 ## - PHYSICAL DESCRIPTION
Extent xx, 263p.
Other physical details ill.
504 ## - BIBLIOGRAPHY, ETC. NOTE
Bibliography, etc Includes bibliographies
650 #0 - SUBJECT ADDED ENTRY--TOPICAL TERM
Topical term or geographic name as entry element Corrosion and Anti-Corrosion
700 ## - ADDED ENTRY--PERSONAL NAME
Personal name Iqbal Mahmud
942 ## - ADDED ENTRY ELEMENTS (KOHA)
Koha item type General Book
Holdings
Sublocation or collection (holding branch) Lost status Koha issues (times borrowed) Koha normalized classification for sorting Damaged status Koha item type Price effective from Location (home branch) Source of classification or shelving scheme Copy number Koha date last borrowed Piece designation (barcode) Koha full call number Date acquired Shelving location Not for loan Koha date last seen Koha out on loan Withdrawn status
Central Library, BUET  620_112200000000000_NOO_2010 Reading Item2015-06-14Central Library, BUET 1 111106620.1122/NOO/20102015-06-14Reading section 2015-06-14  
Central Library, BUET 52620_112200000000000_NOO_2010 General Book2016-11-15Central Library, BUET 22025-12-01111107620.1122/NOO/20102016-11-15Circulation section 2025-12-012025-12-15